000 00316nam a2200145Ia 4500
100 _aDavis/G.B/ Hoffmann/T.R
942 _cBK
654 _aFortran
245 _aFortran 77: A Structured
260 _bMcGraw Hill
_aAuckland
_c1983
082 _a1.6
_bDav/Hof
300 _a400
546 _aENGLISH
999 _c27699
_d27699